LEADER 01773nam a2200313 a 4500 001 000000157254 003 CaOOAMICUS 005 20161207124552.0 008 161207s2015 xxua 000 u eng r 020 $a978-0-268-02988-3* 032 $aLibriCat 040 $aPUL$bita 082 14$a523 100 1 $aGraney, Christopher M.$0(OLS)http://pul/name/100319 245 10$aSetting aside all authority : $bGiovanni Battista Riccioli and the science against Copernicus in the age of Galileo / $cChristopher M. Graney. 260 $aNotre Dame ;$aLondon :$bUniversity of Notre Dame Press,$cİ2015. 300 $axv, 270 pages : $bill. ;$c23 cm. 504 $aInclude riferimenti bibliografici e indici. 505 0 $aContiene: Appendix A: A Rendition into English of Monsignor Ingoli's 1616 Essay to Galileo -- Appendix B: A Rendition into English of Giovanni Battista Riccioli's reports regarding his experiments with falling bodies and with the effect of air resistance on falling bodies. 600 14$aRiccioli, Giovanni Battista,$cS.I., $d1598-1671.$0(OLS)http://pul/subject/44074 650 4$aAstronomia$ySec. XVIII.$0(OLS)http://pul/subject/35543 850 $aPUL 852 $aPUL$W1$xSL Cons. Gen., Altre Classi 3$y75$m523 GRACH 1$j180546$qDDC 21$B183666$CPULBib$Z2$F183666 $H128544 $82 941 1 $a9 996 $6020$a978-0-268-02988-3* $9(OLS)http://pul/number/161660 996 $6082$a523$9(OLS)http://pul/classification/2334 996 $6245$aSetting aside all authority : $bGiovanni Battista Riccioli and the science against Copernicus in the age of Galileo / $9(OLS)http://pul/title/196859 996 $6260$aNotre Dame ;$aLondon :$bUniversity of Notre Dame Press$9(OLS)http://pul/publisher/75708 LEADER 01267nam a2200325 a 4500 001 000000159882 003 CaOOAMICUS 005 20170404114551.0 008 170404s2016 it u000 u ita r 020 $a978-88-581-2574-8* 032 $aLibriCat 040 $aPUL$bita 082 14$a349.4 100 1 $aGrossi, Paolo,$d1933-2022.$0(OLS)http://pul/name/7353 245 12$aL'Europa del diritto /$cPaolo Grossi. 260 $aRoma ;$aBari :$bLaterza,$cİ2016. 300 $aXI, 281 p. ;$c21 cm. 490 1 $aBiblioteca Universale Laterza ;$v668 500 $aContiene indici. 504 $aBibliografia: [259]-277. 650 4$aDiritto$zEuropa$xStoria.$0(OLS)http://pul/subject/6942 830 0$aBiblioteca universale (Laterza) ;$v668.$0(OLS)http://pul/title/51 850 $aPUL 852 $aPUL$W1$xSL Diritto e Scienze Sociali 3$y79$m349. 4 GROPA 3$j183465$qDDC 21$B186671$CPULBib$Z2$F186671 $H128287 $81 941 1 $a9 996 $6020$a978-88-581-2574-8*$9(OLS)http://pul/number/162342 996 $6082$a349.4$9(OLS)http://pul/classification/1907 996 $6245$aL'Europa del diritto$9(OLS)http://pul/title/162397 996 $6260$aRoma ;$aBari :$bLaterza$9(OLS)http://pul/publisher/57682